000
00302nam a22001337a 4500
008
170602b xxu||||| |||| 00| 0 eng d
020
_a
0716714353
041
_a
eng
080
_a
94
100
_a
17
101
_a
SHH
245
_a
THE MEDICAL DIMENSIONS OF NUCLEAR WAR
_c
CHIVIAN,E
942
_2
udc
_c
BK
999
_c
15568
_d
15568